000 00701nam a2200289Ia 4500
005 20260324112427.0
008 008 260324s9999 xx 000 0 eng d
020 _a9781032644820
037 _aEBOOK
040 _aCRL
040 _beng
040 _cCRL
041 _2eng
041 _aeng
084 _qCRL
100 _aSarah D. Norton
_91142653
245 0 _aClimate Change, Environments of Uncertainty and Loss
245 0 _bJung, Politics and Culture
260 _bTaylor and Francis
260 _c2024
365 _a
365 _b77.99
856 _uhttp://www.taylorfrancis.com/books/9781032644820
942 _cEBOOK
999 _c1731853
_d1731853